[Event "Landsturneringen NM i sjakk 2013"]
[Site "Radisson Blu Lillehammer Hotel"]
[Date "2013.06.29"]
[Round "4"]
[White "Sahl, Sheila Barth"]
[Black "Mihajlov, Sebastian"]
[Result "1/2-1/2"]
[WhiteElo "2185"]
[BlackElo "2120"]
[PlyCount "38"]
[EventDate "2013.??.??"]

1. c4 e5 2. Nc3 Nc6 3. g3 f5 4. Bg2 Nf6 5. d3 Bb4 6. Bd2 O-O 7. a3 Bxc3 8. Bxc3
d6 9. b4 Qe8 10. Qd2 Be6 11. Nh3 h6 12. Rc1 f4 13. b5 Ne7 14. gxf4 Qg6 15. Rg1
Qh5 16. fxe5 dxe5 17. Bxb7 Rab8 18. Bf3 Qxh3 19. Bxe5 Nf5
1/2-1/2

[Event "Landsturneringen NM i sjakk 2013"]
[Site "Radisson Blu Lillehammer Hotel"]
[Date "2013.06.29"]
[Round "4"]
[White "Vea, Odin Blikra"]
[Black "Fossan, Petter"]
[Result "0-1"]
[WhiteElo "2184"]
[BlackElo "2168"]
[PlyCount "84"]
[EventDate "2013.??.??"]

1. e4 c6 2. c4 d5 3. cxd5 cxd5 4. e5 Nc6 5. d4 Bf5 6. Bd3 Bxd3 7. Qxd3 e6 8.
Nf3 Nge7 9. O-O Nf5 10. Nc3 Be7 11. Bd2 O-O 12. Rad1 Rc8 13. Kh1 a6 14. g4 Nh4
15. Nxh4 Bxh4 16. f4 f6 17. Qh3 g5 18. Ne2 fxe5 19. dxe5 d4 20. Ng1 gxf4 21. g5
Qd5+ 22. Qf3 Bxg5 23. Qxd5 exd5 24. Nf3 Bh6 25. Rg1+ Kf7 26. Rg4 Rg8 27. Rh4
Rg6 28. Bxf4 Bxf4 29. Rxf4+ Ke6 30. h4 Rcg8 31. Re1 Ke7 32. Rf1 Rg4 33. Rf5 d3
34. Rh5 R8g7 35. Rf2 Ke6 36. Ng5+ Kxe5 37. Nxh7+ Kd4 38. Nf6 Rg1+ 39. Kh2 Ne7
40. Nd7 R7g2+ 41. Rxg2 Rxg2+ 42. Kxg2 d2
0-1

[Event "Landsturneringen NM i sjakk 2013"]
[Site "Radisson Blu Lillehammer Hotel"]
[Date "2013.06.29"]
[Round "4"]
[White "Forså, Espen"]
[Black "Mihajlov, Svetoslav"]
[Result "1-0"]
[WhiteElo "2287"]
[BlackElo "2026"]
[PlyCount "75"]
[EventDate "2013.??.??"]

1. c4 e5 2. g3 Nc6 3. Nc3 f5 4. Nf3 e4 5. Nh4 d6 6. d3 Be7 7. Ng2 exd3 8. Qxd3
Ne5 9. Qc2 Nf6 10. Nf4 c6 11. b3 O-O 12. Bg2 g5 13. Nd3 Nh5 14. Bb2 Be6 15.
O-O-O Qa5 16. Kb1 Rac8 17. Qd2 Qc7 18. f4 gxf4 19. gxf4 Nxd3 20. exd3 Ng7 21.
d4 Bf7 22. d5 Bh5 23. Rdf1 c5 24. Rhg1 Bf6 25. Nb5 Qb8 26. Bf3 Bg6 27. Bxf6
Rxf6 28. h4 a6 29. Na3 Rcf8 30. h5 Be8 31. Qb2 Qc7 32. Rg2 Rh6 33. Rfg1 Rf7 34.
Nc2 Qe7 35. Re2 Qf8 36. Re6 Rff6 37. Ne3 Kh8 38. Rxf6
1-0

[Event "Landsturneringen NM i sjakk 2013"]
[Site "Radisson Blu Lillehammer Hotel"]
[Date "2013.06.29"]
[Round "4"]
[White "Christiansen, Johan-Sebastian"]
[Black "Olsen, Anders"]
[Result "1-0"]
[WhiteElo "2089"]
[BlackElo "1948"]
[PlyCount "111"]
[EventDate "2013.??.??"]

1. c4 e5 2. g3 Nf6 3. Bg2 d5 4. cxd5 Nxd5 5. Nf3 Nc6 6. O-O Nb6 7. b3 Bd6 8.
Bb2 O-O 9. d4 exd4 10. Nxd4 Nxd4 11. Qxd4 f6 12. Nd2 Qe7 13. Nc4 Nxc4 14. Qxc4+
Be6 15. Bd5 Rfe8 16. Rfd1 Qf7 17. e3 Rad8 18. Bxe6 Qxe6 19. Qb5 Qe4 20. Rd4 Qc2
21. Qd5+ Kf8 22. Rd2 Qe4 23. Qh5 Bb4 24. Rdd1 Be7 25. Rdc1 Rd5 26. Qh3 Red8 27.
Qf1 Qf3 28. Bc3 Ba3 29. Re1 Rd3 30. Bd4 Rd2 31. Rad1 Rxd1 32. Rxd1 Rd6 33. Re1
c5 34. Bc3 Qd5 35. Qh3 Qd3 36. Ba1 Rd7 37. Rf1 b5 38. Qe6 Qd5 39. Qa6 b4 40. e4
Qxe4 41. Qc8+ Qe8 42. Qxc5+ Qe7 43. Qc4 Qd6 44. Re1 Qd5 45. Qc8+ Rd8 46. Qc7
Rd7 47. Qb8+ Rd8 48. Qxa7 Qd2 49. Qe7+ Kg8 50. Qe6+ Kf8 51. Bxf6 gxf6 52. Qxf6+
Kg8 53. Re7 Qd1+ 54. Kg2 Qd5+ 55. f3 Bb2 56. Qxb2 1-0

[Event "Landsturneringen NM i sjakk 2013"]
[Site "Radisson Blu Lillehammer Hotel"]
[Date "2013.06.29"]
[Round "4"]
[White "Salomon, Johan"]
[Black "Hobber, Anders"]
[Result "1/2-1/2"]
[WhiteElo "2230"]
[BlackElo "2287"]
[PlyCount "29"]
[EventDate "2013.??.??"]

1. e4 e6 2. d4 d5 3. Nd2 Nc6 4. Ngf3 Nf6 5. e5 Nd7 6. Bd3 Nb4 7. Be2 c5 8. O-O
cxd4 9. Nb3 Qc7 10. Nbxd4 Nxe5 11. Nxe5 Qxe5 12. Bb5+ Bd7 13. Bxd7+ Kxd7 14. c4
Bd6 15. Nf3 1/2-1/2

[Event "Landsturneringen NM i sjakk 2013"]
[Site "Radisson Blu Lillehammer Hotel"]
[Date "2013.06.29"]
[Round "4"]
[White "Gandrud, Vegar Koi"]
[Black "Lillevold, Frode"]
[Result "1/2-1/2"]
[WhiteElo "2237"]
[BlackElo "2067"]
[PlyCount "108"]
[EventDate "2013.??.??"]

1. d4 d5 2. c4 c6 3. Nf3 Nf6 4. Nc3 e6 5. g3 dxc4 6. Bg2 Nbd7 7. O-O Be7 8. a4
O-O 9. Nd2 e5 10. e3 exd4 11. exd4 Nb6 12. a5 Nbd5 13. Nxc4 Bg4 14. Bf3 Bxf3
15. Qxf3 h6 16. Rd1 Qc7 17. Ne3 Rfd8 18. Nf5 Bf8 19. Nxd5 Nxd5 20. Bd2 a6 21.
Re1 Re8 22. Re4 Rxe4 23. Qxe4 Ne7 24. Ne3 Qd6 25. Nc4 Qd5 26. Qd3 Rd8 27. Bc3
Qf5 28. Qe2 Nd5 29. Re1 Nf6 30. Ne3 Qe4 31. Nc4 Qxe2 32. Rxe2 Re8 33. Rxe8 Nxe8
34. d5 cxd5 35. Ne3 Nc7 36. Be5 d4 37. Bxd4 Ne6 38. Bb6 Bc5 39. Bxc5 Nxc5 40.
b4 Ne6 41. Nf5 Kf8 42. Kf1 Ke8 43. Ke2 Kd7 44. Kd3 h5 45. h4 Kc6 46. Kc4 g6 47.
Ne3 Nc7 48. f3 Ne8 49. g4 hxg4 50. fxg4 Ng7 51. Kd4 f6 52. Kc4 f5 53. h5 gxh5
54. gxh5 Nxh5 1/2-1/2

[Event "Landsturneringen NM i sjakk 2013"]
[Site "Radisson Blu Lillehammer Hotel"]
[Date "2013.06.29"]
[Round "4"]
[White "Thingstad, Even"]
[Black "Stray, Gunnar"]
[Result "1/2-1/2"]
[WhiteElo "2277"]
[BlackElo "2032"]
[PlyCount "36"]
[EventDate "2013.??.??"]

1. d4 d5 2. c4 c6 3. Nf3 Nf6 4. Nc3 g6 5. cxd5 cxd5 6. Bf4 a6 7. e3 Nc6 8. Bd3
Bg7 9. h3 O-O 10. Rc1 e6 11. O-O Bd7 12. Na4 Ne4 13. Qb3 b5 14. Nc5 Nxc5 15.
Rxc5 Qb6 16. Rfc1 Rfc8 17. Ne5 Nxe5 18. Bxe5 Bxe5 1/2-1/2

[Event "Landsturneringen NM i sjakk 2013"]
[Site "Radisson Blu Lillehammer Hotel"]
[Date "2013.06.29"]
[Round "4"]
[White "Myhrvold, Rune"]
[Black "Thanke, Bror"]
[Result "1-0"]
[WhiteElo "2198"]
[BlackElo "2106"]
[PlyCount "83"]
[EventDate "2013.??.??"]

1. e4 c5 2. c3 d5 3. exd5 Qxd5 4. d4 Nf6 5. Nf3 Bg4 6. dxc5 Qxc5 7. h3 Bd7 8.
Be2 e5 9. O-O Be7 10. c4 O-O 11. Nc3 Rd8 12. Be3 Qa5 13. Qc2 Nc6 14. a3 Be6 15.
Ng5 Nd4 16. Bxd4 exd4 17. Nxe6 fxe6 18. Ne4 b6 19. Bd3 Qh5 20. Rfe1 Nd7 21. b4
Kh8 22. Ng3 Qh6 23. Nf5 exf5 24. Rxe7 f4 25. Qe2 Nf6 26. Re1 Qg5 27. Qf3 Rf8
28. R7e5 Qh4 29. Rf5 Rad8 30. Rxf4 Qg5 31. g3 Nd7 32. Qe4 Qg6 33. Qxg6 hxg6 34.
Rxd4 Ne5 35. Rxd8 Rxd8 36. Rxe5 Rxd3 37. Re3 Rd1+ 38. Kg2 Rc1 39. Re4 Ra1 40.
c5 bxc5 41. bxc5 Rxa3 42. Rc4 1-0

[Event "Landsturneringen NM i sjakk 2013"]
[Site "Radisson Blu Lillehammer Hotel"]
[Date "2013.06.29"]
[Round "4"]
[White "Machlik, Monika"]
[Black "Ulvin, Dag"]
[Result "0-1"]
[WhiteElo "1933"]
[BlackElo "2212"]
[PlyCount "57"]
[EventDate "2013.??.??"]

1. d4 Nf6 2. c4 e6 3. Nc3 Bb4 4. Qc2 O-O 5. Bg5 h6 6. Bh4 c5 7. dxc5 Qa5 8.
Bxf6 gxf6 9. e3 Bxc3+ 10. bxc3 Qxc5 11. Nf3 Nc6 12. Bd3 b6 13. O-O Ba6 14. Rfd1
Rfd8 15. Qe2 Qh5 16. Rab1 Rac8 17. c5 Bxd3 18. Qxd3 Qxc5 19. Rb5 Qf8 20. Rh5 d5
21. Qb5 Ne5 22. Nxe5 fxe5 23. Rxe5 Qg7 24. f4 f6 25. Rxe6 Qg4 26. Qd3 Qxe6 27.
Qg6+ Kf8 28. Qxh6+ Ke7 29. Qh7+
0-1

[Event "Landsturneringen NM i sjakk 2013"]
[Site "Radisson Blu Lillehammer Hotel"]
[Date "2013.06.29"]
[Round "4"]
[White "Sørgjerd, Jan"]
[Black "Madland, Kristoffer"]
[Result "1/2-1/2"]
[WhiteElo "2019"]
[BlackElo "2105"]
[PlyCount "82"]
[EventDate "2013.??.??"]

1. d4 d5 2. c4 c6 3. Nf3 Nf6 4. e3 e6 5. Bd3 Nbd7 6. O-O Bd6 7. Nc3 b6 8. e4
dxe4 9. Nxe4 Nxe4 10. Bxe4 Bb7 11. b3 Nf6 12. Bc2 Qc7 13. Qe2 O-O-O 14. c5 bxc5
15. dxc5 Bxc5 16. Bb2 Rd5 17. Bd3 Rhd8 18. Ba6 Qb6 19. Bxb7+ Kxb7 20. Bc3 Qb5
21. Qe1 Qd3 22. Ne5 Qf5 23. Nxf7 Rf8 24. Ne5 Ne4 25. Nf3 g5 26. Bb4 Qf4 27.
Bxc5 Nxc5 28. Rd1 g4 29. Rxd5 exd5 30. Qe7+ Kb6 31. Ne5 Rf5 32. Nd7+ Nxd7 33.
Qxd7 Rf7 34. Qd8+ Kb7 35. Qe8 d4 36. b4 a6 37. a4 Qf5 38. a5 Qd5 39. Rd1 Rd7
40. Qe2 h5 41. Rd3 Qc4 1/2-1/2

[Event "Landsturneringen NM i sjakk 2013"]
[Site "Radisson Blu Lillehammer Hotel"]
[Date "2013.06.29"]
[Round "4"]
[White "Gulbrandsen, Tor"]
[Black "Johnsen, Kjell Magne"]
[Result "1/2-1/2"]
[WhiteElo "1958"]
[BlackElo "2005"]
[PlyCount "75"]
[EventDate "2013.??.??"]

1. e4 e6 2. d4 d5 3. Nd2 dxe4 4. Nxe4 Be7 5. Nf3 Nf6 6. Nxf6+ Bxf6 7. Bd3 Nd7
8. O-O O-O 9. Bf4 c5 10. c3 cxd4 11. cxd4 Nb6 12. Rc1 Nd5 13. Be5 Qb6 14. Qd2
Bd7 15. Be4 Rfc8 16. h3 h6 17. Rfd1 Be7 18. a3 Bc6 19. Bb1 Nf6 20. Qe2 Bd5 21.
Nh2 Qd8 22. Ng4 Nxg4 23. Qxg4 Bf8 24. Bf4 Kh8 25. Qh5 g6 26. Be5+ Kh7 27. Qg4
Bg7 28. Qf4 Kg8 29. h4 h5 30. Bxg7 Kxg7 31. Be4 Qf6 32. Qxf6+ Kxf6 33. Bxd5
exd5 34. Kf1 Rc6 35. Rxc6+ bxc6 36. Rc1 Rc8 37. Ke2 Ke7 38. Kd3 1/2-1/2

[Event "Landsturneringen NM i sjakk 2013"]
[Site "Radisson Blu Lillehammer Hotel"]
[Date "2013.06.29"]
[Round "4"]
[White "Lindsøe, Fredrik Aunan"]
[Black "Aulin-Jansson, Jøran"]
[Result "0-1"]
[WhiteElo "2008"]
[BlackElo "2188"]
[PlyCount "90"]
[EventDate "2013.??.??"]

1. a3 g6 2. f4 d5 3. Nf3 Bg7 4. g3 c5 5. Bg2 Nc6 6. O-O e6 7. d3 Nge7 8. e4 b6
9. c3 Ba6 10. e5 O-O 11. b4 d4 12. c4 Bb7 13. bxc5 bxc5 14. Nbd2 Na5 15. Rb1
Rb8 16. Qa4 a6 17. Nh4 Bxg2 18. Rxb8 Qxb8 19. Nxg2 Qc7 20. Ne4 Rb8 21. Bd2 Nb3
22. Qxa6 Bf8 23. Be1 Qc6 24. Qxc6 Nxc6 25. Nf6+ Kg7 26. g4 Ra8 27. Bh4 Rxa3 28.
f5 Nd2 29. Ne8+ Kg8 30. Rf4 exf5 31. gxf5 Bh6 32. fxg6 Bxf4 33. Nf6+ Kg7 34.
Ne8+ Kxg6 35. Nxf4+ Kf5 36. Bg3 Nxe5 37. Nd6+ Kg5 38. Kg2 Nxd3 39. Nd5 Kg6 40.
h4 h5 41. Ne7+ Kf6 42. Nd5+ Ke6 43. Nc7+ Kd7 44. Ncb5 Ra2 45. Kh3 Nf3 0-1

[Event "Landsturneringen NM i sjakk 2013"]
[Site "Radisson Blu Lillehammer Hotel"]
[Date "2013.06.29"]
[Round "4"]
[White "Laverton, Christian"]
[Black "Pedersen, Øyvind"]
[Result "1-0"]
[WhiteElo "2001"]
[BlackElo "1960"]
[PlyCount "68"]
[EventDate "2013.??.??"]

1. d4 Nf6 2. c4 c5 3. d5 b5 4. cxb5 a6 5. e3 g6 6. Nc3 Bg7 7. Nf3 d6 8. e4 O-O
9. a4 axb5 10. Bxb5 Ba6 11. Bd2 Nbd7 12. O-O Ne8 13. Re1 Nc7 14. Bc6 Rb8 15.
Qc2 Nb6 16. b3 Nc8 17. e5 Na7 18. exd6 exd6 19. Rad1 Bc8 20. Ne4 Bf5 21. Ba5
Qe7 22. Qc4 Nxc6 23. dxc6 Be6 24. Qc1 Rxb3 25. Nxd6 Na6 26. Nb5 Qf6 27. Nd2 Bh6
28. Ne4 Qh4 29. Bd2 Bxd2 30. Qxd2 Rb4 31. g3 Qe7 32. Qc3 f6 33. Ned6 Rxa4 34.
Qe3 Nc7
1-0

[Event "Landsturneringen NM i sjakk 2013"]
[Site "Radisson Blu Lillehammer Hotel"]
[Date "2013.06.29"]
[Round "4"]
[White "Johnsen, Øystein"]
[Black "Andreassen, Arnold"]
[Result "0-1"]
[WhiteElo "2031"]
[BlackElo "1979"]
[PlyCount "54"]
[EventDate "2013.??.??"]

1. Nf3 Nf6 2. d4 g6 3. c4 Bg7 4. Nc3 d5 5. Bf4 O-O 6. h3 c5 7. dxc5 Qa5 8. Bd2
Qxc5 9. cxd5 Nxd5 10. Rc1 Nc6 11. e4 Nxc3 12. Bxc3 Bxc3+ 13. Rxc3 Qb4 14. Qc2
Be6 15. a3 Qb6 16. Bc4 Bxc4 17. Rxc4 Rfd8 18. O-O Rd7 19. Rd1 Rxd1+ 20. Qxd1
Qxb2 21. Qd3 Rd8 22. Qe3 Kg7 23. e5 Qb1+ 24. Kh2 Qd3 25. Qf4 h6 26. h4 Qxa3 27.
e6 Qd6
0-1

[Event "Landsturneringen NM i sjakk 2013"]
[Site "Radisson Blu Lillehammer Hotel"]
[Date "2013.06.29"]
[Round "4"]
[White "Andersen, Per O"]
[Black "Woldseth, Ole"]
[Result "1/2-1/2"]
[WhiteElo "1945"]
[BlackElo "1986"]
[PlyCount "89"]
[EventDate "2013.??.??"]

1. d4 Nf6 2. Nf3 e6 3. e3 b6 4. Bd3 Bb7 5. O-O Be7 6. c4 Ne4 7. Nbd2 f5 8. Qc2
Nxd2 9. Bxd2 c5 10. d5 exd5 11. Bxf5 dxc4 12. Bxh7 Bxf3 13. Bg6+ Kf8 14. Qf5+
Bf6 15. Qxf3 Nc6 16. Bc3 Rh6 17. Be4 Qc7 18. h3 Rd8 19. Rad1 Ne5 20. Qf5 d6 21.
f4 Nf7 22. Bd5 b5 23. g4 Bxc3 24. g5 Rf6 25. gxf6 Bxf6 26. Rf2 Qe7 27. Re2 Re8
28. Kf1 Rd8 29. e4 Bd4 30. Rc1 Qf6 31. Qxf6 Bxf6 32. a4 Rb8 33. axb5 Rxb5 34.
Bxc4 Rb4 35. Bxf7 Kxf7 36. Rcc2 Rb3 37. Kg2 Ke6 38. Red2 Bd4 39. Re2 a5 40. e5
dxe5 41. fxe5 Rb5 42. Kf3 Bxe5 43. Kg4 Kd5 44. Kf5 Bd4 45. h4 1/2-1/2

[Event "Landsturneringen NM i sjakk 2013"]
[Site "Radisson Blu Lillehammer Hotel"]
[Date "2013.06.29"]
[Round "4"]
[White "Merkesvik, Sondre"]
[Black "Martinsen, Stig K"]
[Result "1/2-1/2"]
[WhiteElo "1933"]
[BlackElo "2145"]
[PlyCount "35"]
[EventDate "2013.??.??"]

1. Nf3 f5 2. g3 Nf6 3. Bg2 g6 4. O-O Bg7 5. d4 O-O 6. c4 d6 7. Nc3 Qe8 8. d5 a5
9. Nd4 Na6 10. Rb1 Bd7 11. b3 c6 12. Na4 Nc7 13. Nb6 Ra6 14. Nxd7 Qxd7 15. Bg5
Ne4 16. Bxe4 fxe4 17. dxc6 bxc6 18. Qd2 1/2-1/2

[Event "Landsturneringen NM i sjakk 2013"]
[Site "Radisson Blu Lillehammer Hotel"]
[Date "2013.06.29"]
[Round "4"]
[White "Grønnestad, Anita"]
[Black "Haanshuus, Aslak"]
[Result "1-0"]
[WhiteElo "1895"]
[BlackElo "2031"]
[PlyCount "67"]
[EventDate "2013.??.??"]

1. c4 Nf6 2. Nc3 b6 3. e4 e5 4. a3 Bb7 5. d3 Nc6 6. g3 Nd4 7. Bg2 c6 8. Nge2
Bc5 9. b4 Nxe2 10. Nxe2 Bd6 11. O-O O-O 12. d4 Bc7 13. d5 cxd5 14. exd5 d6 15.
Bb2 Nd7 16. f4 f6 17. Qc2 Qe7 18. Rae1 Qd8 19. Be4 h6 20. Bf5 Re8 21. fxe5 dxe5
22. Nc3 Nf8 23. Re4 Bc8 24. Rg4 Bxf5 25. Qxf5 Qd7 26. Ne4 Qxf5 27. Rxf5 Kf7 28.
d6 Bd8 29. Rf1 a5 30. b5 Rc8 31. d7 Nxd7 32. Nd6+ Ke6 33. Nxe8 g5 34. Ng7+
1-0

[Event "Landsturneringen NM i sjakk 2013"]
[Site "Radisson Blu Lillehammer Hotel"]
[Date "2013.06.29"]
[Round "5"]
[White "Fossan, Petter"]
[Black "Sahl, Sheila Barth"]
[Result "1/2-1/2"]
[WhiteElo "2168"]
[BlackElo "2185"]
[PlyCount "53"]
[EventDate "2013.??.??"]

1. e4 c5 2. Nf3 g6 3. d4 cxd4 4. Nxd4 Bg7 5. c4 Nc6 6. Be3 Nf6 7. Nc3 Ng4 8.
Qxg4 Nxd4 9. Qd1 Ne6 10. Qd2 Qa5 11. Rc1 b6 12. b3 Bb7 13. Nd5 Qxd2+ 14. Kxd2
Rc8 15. f3 f5 16. exf5 gxf5 17. Bd3 Nc5 18. Bb1 e6 19. Nf4 a5 20. Ke2 O-O 21.
Rhd1 Bc6 22. Rd2 Rb8 23. Nh5 Be5 24. Bf4 Bxf4 25. Nxf4 Kf7 26. Kf2 Ke7 27. Rc3
1/2-1/2

[Event "Landsturneringen NM i sjakk 2013"]
[Site "Radisson Blu Lillehammer Hotel"]
[Date "2013.06.29"]
[Round "5"]
[White "Mihajlov, Sebastian"]
[Black "Christiansen, Johan-Sebastian"]
[Result "1/2-1/2"]
[WhiteElo "2120"]
[BlackElo "2089"]
[PlyCount "33"]
[EventDate "2013.??.??"]

1. d4 d5 2. Nf3 Nf6 3. e3 g6 4. c4 Bg7 5. Nc3 O-O 6. Bd3 Nc6 7. cxd5 Nxd5 8.
O-O Nb6 9. Qe2 e5 10. Nxe5 Nxe5 11. dxe5 Bxe5 12. e4 Bd7 13. Be3 Bc6 14. Rfe1
Qd6 15. g3 Rad8 16. Rad1 Qe6 17. Bxb6
1/2-1/2

[Event "Landsturneringen NM i sjakk 2013"]
[Site "Radisson Blu Lillehammer Hotel"]
[Date "2013.06.29"]
[Round "5"]
[White "Ulvin, Dag"]
[Black "Forså, Espen"]
[Result "1/2-1/2"]
[WhiteElo "2212"]
[BlackElo "2287"]
[PlyCount "54"]
[EventDate "2013.??.??"]

1. e4 e6 2. d4 d5 3. e5 c5 4. Nf3 Nc6 5. Bd3 cxd4 6. O-O Bd7 7. Qe2 h6 8. Nbd2
Qb6 9. Nb3 Nge7 10. a4 a5 11. Rd1 g6 12. Bb5 Bg7 13. Nfxd4 O-O 14. Be3 Qc7 15.
f4 Rfc8 16. Rac1 Nxd4 17. Nxd4 Bxb5 18. Nxb5 Qc4 19. Qxc4 Rxc4 20. b3 Rc6 21.
Nd4 Rc7 22. Nb5 Rc6 23. Nd4 Rcc8 24. Kf2 Bf8 25. Ke2 Ra6 26. c4 dxc4 27. bxc4
Nc6
1/2-1/2

[Event "Landsturneringen NM i sjakk 2013"]
[Site "Radisson Blu Lillehammer Hotel"]
[Date "2013.06.29"]
[Round "5"]
[White "Stray, Gunnar"]
[Black "Salomon, Johan"]
[Result "1/2-1/2"]
[WhiteElo "2032"]
[BlackElo "2230"]
[PlyCount "144"]
[EventDate "2013.??.??"]

1. d4 Nf6 2. Nf3 g6 3. c4 Bg7 4. Nc3 d5 5. e3 O-O 6. cxd5 Nxd5 7. Bc4 Nf6 8.
Be2 Nc6 9. O-O Be6 10. b3 Nd5 11. Nxd5 Bxd5 12. Ba3 Re8 13. Rc1 e5 14. dxe5
Nxe5 15. Nxe5 Rxe5 16. Bf3 Bxf3 17. Qxf3 c6 18. Rfd1 Qa5 19. Bd6 Ree8 20. Qe2
Qf5 21. Qc2 Qe6 22. Bg3 Rad8 23. h3 Bf6 24. Kf1 Kg7 25. Kg1 h5 26. a4 a6 27.
Kf1 Qe7 28. Ke2 Qb4 29. Bc7 Rd5 30. Qc4 Qa3 31. Bb6 Qd6 32. b4 Re6 33. a5 Qe5
34. Bc7 Qf5 35. g4 hxg4 36. hxg4 Qe4 37. Qxe4 Rxe4 38. Rxd5 cxd5 39. Bd6 Rc4
40. Rxc4 dxc4 41. Kd2 Bh4 42. Be5+ Kf8 43. f4 Bf2 44. Bd4 Ke7 45. Kc3 Kd6 46.
Kxc4 Be1 47. f5 gxf5 48. gxf5 Bd2 49. Bc5+ Ke5 50. Kd3 Be1 51. e4 Bh4 52. Bd4+
Kd6 53. Kc4 Bg3 54. b5 Be1 55. e5+ Kd7 56. bxa6 bxa6 57. Bc3 Bf2 58. Kd5 Bg3
59. Bb4 Bh4 60. Bc5 Bg5 61. Bb6 Bd2 62. e6+ fxe6+ 63. fxe6+ Ke7 64. Bc7 Be1 65.
Bd6+ Ke8 66. Kc6 Bxa5 67. Kb7 Bd2 68. Kxa6 Be3 69. Kb7 Bd4 70. Kc6 Bf6 71. e7
Bxe7 72. Bxe7 Kxe7 1/2-1/2

[Event "Landsturneringen NM i sjakk 2013"]
[Site "Radisson Blu Lillehammer Hotel"]
[Date "2013.06.29"]
[Round "5"]
[White "Hobber, Anders"]
[Black "Vea, Odin Blikra"]
[Result "1-0"]
[WhiteElo "2287"]
[BlackElo "2184"]
[PlyCount "67"]
[EventDate "2013.??.??"]

1. d4 f5 2. Nc3 e6 3. e4 fxe4 4. Nxe4 Nf6 5. Bg5 Be7 6. Bxf6 Bxf6 7. Nf3 Nc6 8.
Bb5 O-O 9. O-O Ne7 10. Nxf6+ Rxf6 11. Bd3 d6 12. Re1 Ng6 13. Ng5 Nf8 14. Qh5
Rh6 15. Qf7+ Kh8 16. Qf3 Rf6 17. Nf7+ Rxf7 18. Qxf7 Bd7 19. Re3 Qf6 20. Qxf6
gxf6 21. f4 f5 22. Rae1 d5 23. c4 c6 24. cxd5 cxd5 25. Rc1 Bc6 26. b4 a6 27.
Re2 Rd8 28. Bxa6 bxa6 29. Rxc6 Rb8 30. a3 a5 31. bxa5 Ra8 32. a6 Kg7 33. Rb2
Kf6 34. Rb7
1-0

[Event "Landsturneringen NM i sjakk 2013"]
[Site "Radisson Blu Lillehammer Hotel"]
[Date "2013.06.29"]
[Round "5"]
[White "Lillevold, Frode"]
[Black "Thingstad, Even"]
[Result "0-1"]
[WhiteElo "2067"]
[BlackElo "2277"]
[PlyCount "84"]
[EventDate "2013.??.??"]

1. d4 d5 2. c4 c6 3. Nf3 Nf6 4. Nc3 e6 5. Bg5 h6 6. Bh4 dxc4 7. e4 g5 8. Bg3 b5
9. Be2 Bb7 10. h4 g4 11. Ne5 Nbd7 12. Nxd7 Qxd7 13. Be5 Qe7 14. O-O Rg8 15. Qc2
Nh5 16. Bg3 Nxg3 17. fxg3 O-O-O 18. Rad1 Rxd4 19. Rxd4 Qc5 20. Rfd1 e5 21. b4
cxb3 22. Qxb3 exd4 23. Qxf7 Rg7 24. Qe8+ Kc7 25. Kh2 Bd6 26. Nd5+ cxd5 27. e5
Be7 28. Bxb5 Bc6 29. Qh8 Rf7 30. Ba6 Bb7 31. Bxb7 Rf8 32. Qxh6 Kxb7 33. Rb1+
Ka8 34. Rc1 Qb6 35. Qh7 Bc5 36. e6 Re8 37. Qd7 Rd8 38. Rxc5 Rxd7 39. Rc8+ Kb7
40. exd7 Qe6 41. d8=N+ Kxc8 42. Nxe6 d3
0-1

[Event "Landsturneringen NM i sjakk 2013"]
[Site "Radisson Blu Lillehammer Hotel"]
[Date "2013.06.29"]
[Round "5"]
[White "Myhrvold, Rune"]
[Black "Gandrud, Vegar Koi"]
[Result "1-0"]
[WhiteElo "2198"]
[BlackElo "2237"]
[PlyCount "85"]
[EventDate "2013.??.??"]

1. e4 e6 2. d4 d5 3. e5 c5 4. c3 Qb6 5. Nf3 Bd7 6. Bd3 Bb5 7. Bxb5+ Qxb5 8. a4
Qa6 9. dxc5 Bxc5 10. b4 Be7 11. b5 Qb6 12. O-O Bc5 13. c4 Ne7 14. Nc3 Bb4 15.
Qb3 Qc5 16. Na2 a5 17. bxa6 Nxa6 18. cxd5 Nxd5 19. Ng5 h6 20. Ne4 Qd4 21. Nxb4
Qxe4 22. Nxa6 bxa6 23. Ba3 Nf4 24. f3 Qd4+ 25. Kh1 Nd3 26. Rad1 Rd8 27. Bd6
Nf2+ 28. Rxf2 Qxf2 29. Qb7 Qh4 30. g3 Qg5 31. f4 Rd7 32. Qxd7+ Kxd7 33. fxg5
Rc8 34. gxh6 gxh6 35. Bf8+ Ke8 36. Bxh6 Rc4 37. Bg5 Kf8 38. Bf6 Kg8 39. Rd8+
Kh7 40. Rh8+ Kg6 41. Rg8+ Kh5 42. g4+ Kh6 43. h4 1-0

[Event "Landsturneringen NM i sjakk 2013"]
[Site "Radisson Blu Lillehammer Hotel"]
[Date "2013.06.29"]
[Round "5"]
[White "Mihajlov, Svetoslav"]
[Black "Haanshuus, Aslak"]
[Result "1-0"]
[WhiteElo "2026"]
[BlackElo "2031"]
[PlyCount "83"]
[EventDate "2013.??.??"]

1. d4 Nf6 2. c4 e6 3. Nc3 Bb4 4. e3 O-O 5. Bd3 d5 6. Nf3 b6 7. O-O Bxc3 8. bxc3
Nbd7 9. Nd2 Bb7 10. a4 a5 11. f3 dxc4 12. Nxc4 Ba6 13. e4 c5 14. Qe2 Qc7 15.
Be3 Rfc8 16. Rfc1 b5 17. axb5 Bxb5 18. Qd2 Bxc4 19. Bxc4 Nb6 20. Be2 c4 21.
Rcb1 Nfd7 22. Rb5 a4 23. Qb2 Ra6 24. Qb4 Rca8 25. Ra3 Qc6 26. Qb2 h6 27. Rb4
Rb8 28. Qa2 Rc8 29. Qb1 Rb8 30. Qe1 Qd6 31. Qc1 Rc8 32. Qe1 Rb8 33. Qg3 Qxg3
34. hxg3 Rc8 35. g4 Kf8 36. Bc1 Ke7 37. Ra2 a3 38. Rxa3 Rxa3 39. Bxa3 Ra8 40.
Ra4+ Kd8 41. Rxa8+ Nxa8 42. Bxc4 1-0

[Event "Landsturneringen NM i sjakk 2013"]
[Site "Radisson Blu Lillehammer Hotel"]
[Date "2013.06.29"]
[Round "5"]
[White "Madland, Kristoffer"]
[Black "Laverton, Christian"]
[Result "1-0"]
[WhiteElo "2105"]
[BlackElo "2001"]
[PlyCount "107"]
[EventDate "2013.??.??"]

1. e4 c5 2. Nf3 e6 3. d4 cxd4 4. Nxd4 Nc6 5. Nc3 Qc7 6. Be3 a6 7. Qd2 Nf6 8.
O-O-O Bb4 9. f3 Ne7 10. a3 Bxc3 11. Qxc3 Qxc3 12. bxc3 d5 13. e5 Nd7 14. f4 b5
15. Bd3 Bb7 16. Nb3 Rc8 17. Bd4 Rc7 18. g4 O-O 19. Rhf1 Nc6 20. Rde1 Nxd4 21.
cxd4 Bc8 22. f5 Re8 23. Rf2 Nb6 24. Nc5 Nd7 25. Nxd7 Bxd7 26. f6 Rec8 27. fxg7
Kxg7 28. Rf3 Rh8 29. Ref1 Be8 30. Kb2 a5 31. h4 h6 32. Rf6 b4 33. axb4 Rb7 34.
h5 Rxb4+ 35. Kc3 Rb7 36. Rg1 a4 37. g5 hxg5 38. Rxg5+ Kf8 39. h6 a3 40. Rg1 Bb5
41. Bxb5 Rxb5 42. Ra1 Rg8 43. Rf3 Rh8 44. Rh3 Rh7 45. Rxa3 Rb8 46. Rb3 Rc8+ 47.
Kd3 Ke7 48. Rb7+ Kd8 49. Rg3 Rc7 50. Rg8+ Kd7 51. Rbb8 Kc6 52. Rh8 Rxh8 53.
Rxh8 f5 54. exf6 1-0

[Event "Landsturneringen NM i sjakk 2013"]
[Site "Radisson Blu Lillehammer Hotel"]
[Date "2013.06.29"]
[Round "5"]
[White "Aulin-Jansson, Jøran"]
[Black "Olsen, Anders"]
[Result "1/2-1/2"]
[WhiteElo "2188"]
[BlackElo "1948"]
[PlyCount "104"]
[EventDate "2013.??.??"]

1. e4 e5 2. Nf3 Nc6 3. Bb5 a6 4. Bxc6 dxc6 5. Nc3 Qf6 6. d3 Bd6 7. Bg5 Qg6 8.
Qe2 f6 9. Bh4 Ne7 10. Bg3 c5 11. Nd2 Be6 12. O-O Qh6 13. Nc4 g5 14. f3 Qg6 15.
Nd1 Rd8 16. Nde3 O-O 17. a4 Nc6 18. c3 Be7 19. a5 Rd7 20. Bf2 Rfd8 21. Rfd1 Qf7
22. g4 Bf8 23. b3 Na7 24. Qc2 Nb5 25. Kf1 h5 26. Nf5 Bxf5 27. gxf5 h4 28. Ke2
Kh8 29. Nb2 Be7 30. Rg1 Na3 31. Rxa3 c4 32. Nxc4 Bxa3 33. Nxa3 Rxd3 34. Qxd3
Rxd3 35. Kxd3 Qxb3 36. Nc4 Qa2 37. Nd2 Qxa5 38. f4 Qb5+ 39. c4 Qd7+ 40. Kc3
exf4 41. Bd4 Qg7 42. Nf3 Qe7 43. c5 b6 44. cxb6 c5 45. Be5 fxe5 46. Rb1 Qb7 47.
Nxg5 Kg8 48. f6 Qd7 49. b7 Qd4+ 50. Kb3 Qb4+ 51. Kc2 Qc4+ 52. Kd2 Qd4+
1/2-1/2

[Event "Landsturneringen NM i sjakk 2013"]
[Site "Radisson Blu Lillehammer Hotel"]
[Date "2013.06.29"]
[Round "5"]
[White "Andreassen, Arnold"]
[Black "Gulbrandsen, Tor"]
[Result "0-1"]
[WhiteElo "1979"]
[BlackElo "1958"]
[PlyCount "72"]
[EventDate "2013.??.??"]

1. e4 e6 2. d4 d5 3. Nc3 Nf6 4. Bg5 Bb4 5. exd5 Qxd5 6. Bxf6 gxf6 7. Qd2 Bxc3
8. bxc3 Nc6 9. Nf3 e5 10. c4 Qe4+ 11. Qe3 Qxe3+ 12. fxe3 Bf5 13. c3 exd4 14.
exd4 O-O-O 15. Kf2 Rhe8 16. Nh4 Be4 17. Be2 Ne7 18. Rhf1 c5 19. d5 b5 20. cxb5
Nxd5 21. c4 Ne3 22. Rg1 Nc2 23. Rad1 Nd4 24. Bh5 Re7 25. Rge1 f5 26. Nf3 Nc2
27. Rxd8+ Kxd8 28. Rd1+ Kc7 29. Ng5 f6 30. Nxe4 fxe4 31. Rd5 e3+ 32. Kf1 e2+
33. Bxe2 Ne3+ 34. Kf2 Nxd5 35. cxd5 Kd6 36. Bf3 c4 0-1